书目信息 |
| 题名: |
七日永恒
|
|
| 作者: | 李维 著 ;俞佳乐, 译 | |
| 分册: | ||
| 出版信息: | 长沙 湖南文艺出版社 2018.07 |
|
| 页数: | 248页 | |
| 开本: | 21cm | |
| 丛书名: | 马克·李维作品 | |
| 单 册: | ||
| 中图分类: | I565.45 | |
| 科图分类: | ||
| 主题词: | 长篇小说--chang pian xiao shuo--法国--现代 | |
| 电子资源: | ||
| ISBN: | 978-7-5404-8599-3 | |
| 000 | 01322nam 2200301 450 | |
| 001 | CAL 0120182516953 | |
| 005 | 20181203153414.95 | |
| 010 | @a978-7-5404-8599-3@b@dCNY46.80 | |
| 100 | @a20180714d2018 em y0chiy50 ea | |
| 101 | 1 | @achi@cfre |
| 102 | @aCN@b430000 | |
| 105 | @ay z 000ay | |
| 106 | @ar | |
| 200 | 1 | @a七日永恒@Aqi ri yong heng@f(法) 马克·李维著@d= Sept jours pour une eternite@fMarc Levy@g俞佳乐译@zfre |
| 210 | @a长沙@c湖南文艺出版社@d2018.07 | |
| 215 | @a248页@c@d21cm | |
| 225 | 2 | @a马克·李维作品@Ama ke · li wei zuo pin |
| 314 | @a马克·李维, 法国作家, 作品热销全球49个国家。 | |
| 330 | @a本书是一部外国文学小说。主要讲述为了结束无休无止的争持, 上帝和撒旦展开了最后一场决斗, 他们各自派出最优秀的使者: 佐菲娅和吕卡将在七日期限内为各自的阵营而战, 从而决定是善还是恶的化身将永远统治人间……在酝酿这场疯狂的赌博时, 上帝和撒旦处心积虑地预见了一切, 却万万没有料到天使和魔鬼相爱了。于是, 他在万劫不复的地狱中找到了永恒的天堂。 | |
| 410 | 0 | @12001 @a马克·李维作品 |
| 500 | 10 | @aSept jours pour une eternite@mChinese |
| 606 | 0 | @a长篇小说@Achang pian xiao shuo@y法国@z现代 |
| 690 | @aI565.45@v5 | |
| 701 | 1 | @a李维@Ali wei@g(Levy, Marc)@4著 |
| 702 | 0 | @a俞佳乐,@Ayu jia le@f1976-)@4译 |
| 801 | 0 | @aCN@b人天书店@c20180714@g |
| 905 | @aBZT@dI565.45@e101 | |
| 906 | @dCNY46.80@n3@r1 | |
| 七日永恒/(法) 马克·李维著= Sept jours pour une eternite/Marc Levy/俞佳乐译.-长沙:湖南文艺出版社,2018.07 |
| 248页;21cm.-(马克·李维作品) |
| ISBN 978-7-5404-8599-3:CNY46.80 |
| 本书是一部外国文学小说。主要讲述为了结束无休无止的争持, 上帝和撒旦展开了最后一场决斗, 他们各自派出最优秀的使者: 佐菲娅和吕卡将在七日期限内为各自的阵营而战, 从而决定是善还是恶的化身将永远统治人间……在酝酿这场疯狂的赌博时, 上帝和撒旦处心积虑地预见了一切, 却万万没有料到天使和魔鬼相爱了。于是, 他在万劫不复的地狱中找到了永恒的天堂。 |
| ● |
| 相关链接 |
|
|
|
正题名:七日永恒
索取号:I565.45/101
 
预约/预借
| 序号 | 登录号 | 条形码 | 馆藏地/架位号 | 状态 | 备注 |
| 1 | 852910 | 2000852910 | 第一书库/ [索取号:I565.45/101] | 在馆 | |
| 2 | 852911 | 2000852911 | 第一书库/ [索取号:I565.45/101] | 在馆 | |
| 3 | 852912 | 2000852912 | 第一书库/ [索取号:I565.45/101] | 在馆 |